El Papel del congreso en América Latina /

Guardado en:
Bibliografiske detaljer
Hovedforfatter: Mustapic, Ana María
Format: Texto
Tags: Tilføj Tag
Ingen Tags, Vær først til at tagge denne postø!

MARC

LEADER 00000 a a2200000 04500
001 3765
003
040
100 |a Mustapic, Ana María  
245 |a El Papel del congreso en América Latina /  |c Ana María Mustapic 
773 |g número 4; páginas 59-76  
999 |c 33230  |d 33230